000 00340nam a2200133Ia 4500
008 230411s9999 xx 000 0 und d
041 _aeng
082 _aAD/610.6/BAS/B07590
100 _aBasavanthappa BT
245 _aNursing Administration
260 _bJaypee Brothers
_aNew Delhi
_c2002
300 _a606p
999 _c157694
_d157694